| 000 | 00423nam a2200157 i 4500 | ||
|---|---|---|---|
| 001 | 90466 | ||
| 003 | ES-MaACL | ||
| 005 | 20230906180441.0 | ||
| 007 | t| | ||
| 008 | 050120s1908 fr ||||1| fre d | ||
| 100 | 1 |
_aLe Goffic, Charles. _970885 |
|
| 245 | 1 | 2 |
_aL'ame Bretonne / _cCharles Le Goffic. |
| 260 |
_a[S.l. : _bs.n.], _c1908 ( _eAbbeville : _fPaillart) |
||
| 300 |
_a3 v. ; _c19 cm. |
||
| 852 |
_aES-MaACL _jF-9072-74 |
||
| 999 |
_c90466 _d90466 |
||